Political Thinking, Political Theory, and Civil Society (Record no. 1848539)

MARC details
000 -LEADER
fixed length control field 00569nam a22002057a 4500
005 - DATE AND TIME OF LATEST TRANSACTION
control field 20260424155020.0
008 - FIXED-LENGTH DATA ELEMENTS--GENERAL INFORMATION
fixed length control field 260424b |||||||| |||| 00| 0 eng d
037 ## - SOURCE OF ACQUISITION
Terms of availability DSWL
040 ## - CATALOGING SOURCE
Original cataloging agency DSWL
Transcribing agency DSWL
041 ## - LANGUAGE CODE
Language code of original eng
084 ## - COLON CLASSIFICATION NUMBER
Classification number Wv Q7
100 ## - MAIN ENTRY--PERSONAL NAME
Personal name DeLue, Steven M.
9 (RLIN) 1235701
245 ## - TITLE STATEMENT
Title Political Thinking, Political Theory, and Civil Society
250 ## - EDITION STATEMENT
Edition statement 4th
260 ## - PUBLICATION, DISTRIBUTION, ETC.
Place of publication, distribution, etc. New York,
Name of publisher, distributor, etc. Routledge Publication,
Date of publication, distribution, etc. 2017
300 ## - PHYSICAL DESCRIPTION
Extent 458p
700 ## - ADDED ENTRY--PERSONAL NAME
Personal name Timothy M. Dale
9 (RLIN) 1235702
942 ## - ADDED ENTRY ELEMENTS (KOHA)
Source of classification or shelving scheme Colon Classification (CC)
Koha item type Textual
Classification part Wv Q7
Suppress in OPAC No
Holdings
Withdrawn status Lost status Source of classification or shelving scheme Damaged status Not for loan Home library Current library Date acquired Source of acquisition Total Checkouts Full call number Barcode Date last seen Price effective from Koha item type
    Colon Classification (CC)     Department of Social Work Library Department of Social Work Library 2026-04-24 S.K.Books   Wv Q7 SW0032433 2026-04-24 2026-04-24 Textual
Copyright @ Delhi University Library System